00514nam a22001697a 450000500170000001000150001702000260003203500140005803700090007208200130008110000180009424500780011226000440019027000660023430000260030070000180032620240701145053.0 aENG-140445 a9781107042803c750.00 aEN-123977 bDBAD a954.0317 aSing, Harleen aThe Rani Of Jhansi:bGender, History and Fable in India/cby Harleen Sing aDelhibCambridge University Pressc2014 aCambridge House, 4381/4 Ansari Road, DaryaganjbDelhie110002 axi,189 p.c23cm, (hb} aSing, Harleen